000 00731nam a2200241Ia 4500
005 20260430150329.0
008 008 250103s9999 xx 000 0 eng d
037 _aTheses
040 _aCRL
040 _beng
040 _ceng
041 _2eng
041 _aeng
084 _qCRL
100 _aTripathi Abhishek Au.; Sharma Lalit Gu.
_91237166
245 0 _aEffect of structured intervention program on selected psychological variables: a longitudinal study
260 _c2023
300 _a383
650 _aBiology; Plants
700 _aUniversity of Delhi. Faculty of Inter- Disciplinary & Applied Science. Deptt. of Physical Education & Sports Sciences
_91237161
942 _cTH
999 _c1849529
_d1849529